000 00748nam a2200253Ia 4500
008 220216s9999 xx 000 0 und d
100 _aDusotoit-Coucaud Anais
245 0 _aSucrose importation into laticifers of Hevea brasiliensis, in relation to ethylene stimulation of latex production
260 _bAnnals of Botany
_c2009
300 _a635-647
650 _aEthylene
650 _aHevea brasiliensis
650 _aLatex production
650 _aLaticifers
650 _aSucrose transporters
700 _aBrunel Nicole
700 _aChrestin Herve
700 _aJulien Jean-Louis
700 _aKongsawadworakul Panida
700 _aLacointe Andre
700 _aSakr Soulaiman
700 _aViboonjun Unchera
942 _cJS
999 _c69914
_d69914